| 000 | 00361nam a2200133Ia 4500 | ||
|---|---|---|---|
| 008 | 240719s9999 xx 000 0 und d | ||
| 041 | _aeng | ||
| 082 | _a338.5 MAN | ||
| 100 | _aMankiw Gregory N. | ||
| 245 | _aMicroeconomics | ||
| 260 |
_aNew Delhi _bCengage Learning _c2017 |
||
| 300 | _a423.; P. 28 Cm | ||
| 520 | _aGifted By : IMT Faculty Prof. Sayan Banerjee | ||
| 999 |
_c41245 _d41245 |
||